000 00793nam a2200241 a 4500
005 20210219152940.0
008 991125n 000 0 eng u
035 _aUPN01000068276
100 _aBarba, Robertta H.
222 _aJOURNAL OF RESEARCH IN SCIENCE TEACHING
245 _aA comparison of preservice and in-service earth and space science teachers' general mental abilities, content knowledge, and problem-solving skills
300 _a1021-1035
362 _a29, No. 10, 1992
505 _aMayo 1993
653 0 _aCIENCIA DE LA TIERRA
653 0 _aEDUCACION CIENTIFICA
653 0 _aEDUCACION DEL MAESTRO EN CONSERVACION
653 0 _aEDUCACION SUPERIOR
653 0 _aFORMACION DE MAESTROS
700 _aRubba, Peter A.
904 _aAC
_b006087
905 _aArticulo
999 _c64468
_d64468